000 00300nam a2200121Ia 4500
008 220204s9999 xx 000 0 und d
082 _a954
_bKUL
100 _aKuldip Nayar
245 0 _aDistant neighbours: A tale of the subcontinent
250 _aEd.2
260 _aDelhi
_bVikas
_c1972
942 _cBK
999 _c25377
_d25377